00732pam a2200217 a 4500001000500000005001700005020001800022040002300040050002000063082000800083100002600091245005700117260003500174300006400209505000800273520012800281521002100409521002000430650003600450650002800486302720250320144016.0 a9780439785099 aDLCcDLCdDLCbeng00aG133.J46b 199800a9101 aJenkins, Steved1952-10aHottest, coldest, highest, deepest /cSteve Jenkins. aNew York :bScholastic ,c1998 a30 unnumbered pages :bcolor illustrations. maps ;c21 cm. aZ  aDescribes some of the remarkable places on earth, including the hottest, coldest, windiest, snowiest, highest, and deepest. a1000 bLexile  aZ bRaz-Plus  0aGeographyxJuvenile literature. 1aGeographyxMiscellanea.